Melocotón de manzana / (Record no. 22659)
[ view plain ]
| 000 -CABECERA | |
|---|---|
| campo de control de longitud fija | 00736nam a2200241 a 4500 |
| 001 - NÚMERO DE CONTROL | |
| campo de control | 000023162 |
| 005 - FECHA Y HORA DE LA ÚLTIMA TRANSACCIÓN | |
| campo de control | 20200930022029.0 |
| 008 - DATOS DE LONGITUD FIJA--INFORMACIÓN GENERAL | |
| campo de control de longitud fija | 101129s1990 sp r 000 j spa d |
| 020 ## - NÚMERO INTERNACIONAL ESTÁNDAR DEL LIBRO | |
| Número Internacional Estándar del Libro | 8433912356 |
| 040 ## - FUENTE DE LA CATALOGACIÓN | |
| Centro catalogador/agencia de origen | DO-SdBNP |
| Lengua de catalogación | spa |
| Centro/agencia transcriptor | BNPHU |
| 082 ## - NÚMERO DE LA CLASIFICACIÓN DECIMAL DEWEY | |
| Número de clasificación | 863.64 |
| Número de documento/Ítem | M816m, 1990 |
| 049 ## - FONDOS LOCALES (OCLC) | |
| Fondos de biblioteca | BNGR |
| 100 1# - ENTRADA PRINCIPAL--NOMBRE DE PERSONA | |
| Nombre de persona | Monzó, Quim |
| Fechas asociadas al nombre | 1952- |
| 9 (RLIN) | 47680 |
| 245 10 - MENCIÓN DE TÍTULO | |
| Título | Melocotón de manzana / |
| Mención de responsabilidad, etc. | Quim Monzó ; traducción, Marcelo Cohen. |
| 250 ## - MENCIÓN DE EDICIÓN | |
| Mención de edición | 2a ed. |
| 260 ## - PUBLICACIÓN, DISTRIBUCIÓN, ETC. | |
| Lugar de publicación, distribución, etc. | Barcelona, (España) : |
| Nombre del editor, distribuidor, etc. | Anagrama, |
| Fecha de publicación, distribución, etc. | 1990. |
| 300 ## - DESCRIPCIÓN FÍSICA | |
| Extensión | 124, [3] p. ; |
| Dimensiones | 20 cm. |
| 490 1# - MENCIÓN DE SERIE | |
| Mención de serie | Contraseñas |
| Designación de volumen o secuencia | 35 |
| 650 #4 - PUNTO DE ACCESO ADICIONAL DE MATERIA--TÉRMINO DE MATERIA | |
| Término de materia o nombre geográfico como elemento de entrada | Cuentos españoles |
| 9 (RLIN) | 3194 |
| 650 #4 - PUNTO DE ACCESO ADICIONAL DE MATERIA--TÉRMINO DE MATERIA | |
| Término de materia o nombre geográfico como elemento de entrada | Literatura española |
| Subdivisión cronológica | SIGLO XX |
| 9 (RLIN) | 3326 |
| 700 1# - PUNTO DE ACCESO ADICIONAL--NOMBRE DE PERSONA | |
| Nombre de persona | Cohen, Marcelo |
| Término indicativo de función/relación | tr. |
| 9 (RLIN) | 47681 |
| 830 #0 - PUNTO DE ACCESO ADICIONAL DE SERIE-TÍTULO UNIFORME | |
| Título uniforme | Contraseñas ; |
| Designación de volumen o secuencia | 35 |
| 9 (RLIN) | 21710 |
| Estado de retiro | Estado de pérdida | Restricciones de uso | No para préstamo | Código de colección | Localización permanente | Ubicación/localización actual | Ubicación en estantería | Fecha de adquisición | Número de inventario | Total de préstamos | Signatura topográfica completa | Código de barras | Fecha visto por última vez | Precio válido a partir de | Tipo de ítem Koha |
|---|---|---|---|---|---|---|---|---|---|---|---|---|---|---|---|
| Monografías: Libros y Folletos | General | General | En catalogación | 29.11.2010 | LF1 | 863.64 M816m, 1990 | 23162-10 | 25.06.2020 | 25.06.2020 | Préstamo en sala |
